[Event "IND-ch U15 47th"]
[Site "New Delhi"]
[Date "2022.12.06"]
[Round "11"]
[White "Raj, Kapoor"]
[Black "Hriday, Panchal"]
[Result "0-1"]
[WhiteElo "1540"]
[BlackElo "1970"]
[PlyCount "141"]
[EventDate "2022.11.28"]
[EventType "swiss"]
[EventRounds "11"]
[EventCountry "IND"]
[SourceTitle "EXT 2024"]
[Source "ChessBase"]
[SourceDate "2023.10.10"]
[SourceVersion "1"]
[SourceVersionDate "2023.10.10"]
[SourceQuality "1"]

1. d4 d5 2. Bf4 c5 3. e3 Nc6 4. Nf3 Nf6 5. Nbd2 cxd4 6. exd4 Qb6 7. Nb3 Bf5 8. Bd3 Bxd3 9. Qxd3 e6 10. 0-0 Be7 11. c3 0-0 12. Rae1 a5 13. Qb1 Rfc8 14. Nbd2 a4 15. a3 Qb5 16. Ne5 Nxe5 17. dxe5 Nd7 18. Nf3 Bc5 19. Be3 Qb6 20. Kh1 Ra5 21. Bxc5 Nxc5 22. Nd4 Nb3 23. Nf3 h6 24. Re2 Rb5 25. Rd1 Rc4 26. Qd3 Rf4 27. h3 Rc4 28. Kh2 Rc8 29. Qc2 Rc4 30. Qd3 Qc7 31. Kh1 Qb6 32. Qc2 Qc6 33. Qd3 Rb6 34. Qe3 Re4 35. Qd3 Rxe2 36. Qxe2 Qb5 37. Qxb5 Rxb5 38. Ne1 Na5 39. Nd3 Nc4 40. Re1 Rb3 41. Re2 d4 42. Rc2 dxc3 43. Rxc3 Rxc3 44. bxc3 Nxa3 45. Nb2 b5 46. Nd3 Nb1 47. Nb4 Nxc3 48. Nc2 Nd5 49. Kg1 b4 50. Kf1 a3 51. Ke1 h5 52. g3 Kh7 53. Kd2 Kg6 54. f4 Kf5 55. Kd3 g5 56. Nd4+ Kg6 57. Ke4 gxf4 58. gxf4 a2 59. Nb3 Nc3+ 60. Kd3 Kf5 61. Ke3 Nd5+ 62. Kf3 Nxf4 63. Nd4+ Kxe5 64. Nc6+ Kd6 65. h4 Kxc6 66. Ke4 a1Q 67. Kf3 Ng6 68. Kg3 Qd4 69. Kh3 Qg4+ 70. Kh2 Nxh4 71. Kh1 0-1

[Event "IND-ch U15 47th"]
[Site "New Delhi"]
[Date "2022.12.05"]
[Round "10"]
[White "Hriday, Panchal"]
[Black "Lavyaajyoti, Routray"]
[Result "1/2-1/2"]
[WhiteElo "1970"]
[BlackElo "1589"]
[PlyCount "79"]
[EventDate "2022.11.28"]
[EventType "swiss"]
[EventRounds "11"]
[EventCountry "IND"]
[SourceTitle "CBM 211 Extra"]
[Source "ChessBase"]
[SourceDate "2023.01.31"]
[SourceVersion "1"]
[SourceVersionDate "2023.01.31"]
[SourceQuality "1"]

1. d4 d5 2. Nc3 Nf6 3. Bg5 Bf5 4. e3 c6 5. Bd3 Ne4 6. Nge2 Nxg5 7. Bxf5 g6 8. Bd3 Ne6 9. h4 Bg7 10. h5 Nd7 11. b4 Nc7 12. f4 a5 13. a3 e6 14. Na4 axb4 15. axb4 b5 16. Nc5 Nxc5 17. bxc5 Na6 18. c3 Nc7 19. Kf2 Kd7 20. hxg6 hxg6 21. Rxh8 Qxh8 22. Rxa8 Nxa8 23. Qa1 Nc7 24. Qa7 Qh2 25. Qb8 Qh4+ 26. g3 Qd8 27. Qb7 Qc8 28. Qxc8+ Kxc8 29. g4 Kd7 30. Ng1 Bf6 31. Nf3 Ke7 32. Ke2 Kd7 33. Kd2 Na6 34. Kc2 Ke7 35. Kb3 Kd7 36. e4 Kc7 37. g5 dxe4 38. Bxe4 Bg7 39. Nh2 e5 40. fxe5 1/2-1/2

[Event "IND-ch U15 47th"]
[Site "New Delhi"]
[Date "2022.12.03"]
[Round "9"]
[White "Chaudhari, Ashish"]
[Black "Hriday, Panchal"]
[Result "1/2-1/2"]
[WhiteElo "1440"]
[BlackElo "1970"]
[PlyCount "73"]
[EventDate "2022.11.28"]
[EventType "swiss"]
[EventRounds "11"]
[EventCountry "IND"]
[SourceTitle "CBM 211 Extra"]
[Source "ChessBase"]
[SourceDate "2023.01.31"]
[SourceVersion "1"]
[SourceVersionDate "2023.01.31"]
[SourceQuality "1"]

1. d4 d5 2. c4 c6 3. cxd5 cxd5 4. Bg5 Nc6 5. e3 Nf6 6. Bxf6 gxf6 7. Nc3 e6 8. g3 Bd7 9. Bg2 f5 10. Nge2 Na5 11. 0-0 Bd6 12. Nc1 0-0 13. Nd3 Rc8 14. Rc1 Qb6 15. Qh5 Qd8 16. Kh1 f6 17. Qf3 Kh8 18. Rfd1 Qe7 19. Ne2 Ba4 20. b3 Bb5 21. Nef4 Ba3 22. Rxc8 Rxc8 23. Nc5 Bxc5 24. dxc5 Nc6 25. Qh5 Ne5 26. b4 a5 27. a3 axb4 28. axb4 Ra8 29. Qh6 Be8 30. h3 Bb5 31. Kg1 Bc6 32. Nh5 Ng6 33. Bf1 Bd7 34. b5 Rc8 35. Rc1 Kg8 36. Bd3 Kh8 37. Bf1 1/2-1/2

[Event "IND-ch U15 47th"]
[Site "New Delhi"]
[Date "2022.11.28"]
[Round "1"]
[White "Sahithyan, D."]
[Black "Hriday, Panchal"]
[Result "1-0"]
[WhiteElo "1310"]
[BlackElo "1970"]
[PlyCount "135"]
[EventDate "2022.11.28"]
[EventType "swiss"]
[EventRounds "11"]
[EventCountry "IND"]
[SourceTitle "CBM 211 Extra"]
[Source "ChessBase"]
[SourceDate "2023.01.31"]
[SourceVersion "1"]
[SourceVersionDate "2023.01.31"]
[SourceQuality "1"]

1. e4 c5 2. Nc3 d6 3. f4 g6 4. Nf3 Bg7 5. Bc4 Nc6 6. 0-0 e6 7. Re1 Nge7 8. a3 0-0 9. d3 d5 10. Ba2 d4 11. Ne2 b5 12. Ng3 Qb6 13. Kh1 Bb7 14. f5 exf5 15. exf5 Nxf5 16. Nxf5 gxf5 17. Ng5 Ne5 18. Bf4 Qg6 19. Qd2 h6 20. Bxe5 hxg5 21. Bxg7 Kxg7 22. Re5 Rh8 23. Kg1 Rae8 24. Rae1 Rxe5 25. Rxe5 Bc6 26. Rxc5 Re8 27. Qf2 Qd6 28. Rxf5 f6 29. h4 g4 30. Qf4 Qxf4 31. Rxf4 Re2 32. Rxg4+ Kh7 33. Bb3 a5 34. Kf1 Rd2 35. Ke1 Rxg2 36. Rxg2 Bxg2 37. Kf2 Bc6 38. Kg3 b4 39. axb4 axb4 40. Kf4 Kg6 41. h5+ Kg7 42. Kf5 Bd7+ 43. Be6 Ba4 44. b3 Bc6 45. h6+ Kxh6 46. Kxf6 Bf3 47. Ke5 Bd1 48. Kxd4 Bxc2 49. Kc4 Kg5 50. d4 Kf6 51. d5 Ke5 52. Kxb4 Kd6 53. Kc4 Bd1 54. Kb4 Bc2 55. Kc3 Bd1 56. b4 Be2 57. Kd4 Bf1 58. Bf7 Ke7 59. Bg6 Kd6 60. Be8 Kc7 61. Kc5 Ba6 62. d6+ Kd8 63. Bc6 Bc8 64. b5 Bg4 65. Kb6 Kc8 66. Ka7 Kd8 67. b6 Bc8 68. d7 1-0

[Event "Bikaner op 1st"]
[Site "Bikaner"]
[Date "2022.10.09"]
[Round "10"]
[White "Hriday, Panchal"]
[Black "Aradhya, Garg"]
[Result "0-1"]
[WhiteElo "1970"]
[BlackElo "2284"]
[PlyCount "130"]
[EventDate "2022.10.01"]
[EventType "swiss"]
[EventRounds "10"]
[EventCountry "IND"]
[SourceTitle "CBM 210 Extra"]
[Source "ChessBase"]
[SourceDate "2022.11.30"]
[SourceVersion "1"]
[SourceVersionDate "2022.11.30"]
[SourceQuality "1"]

1. d4 d5 2. c4 e6 3. Nc3 Nf6 4. cxd5 exd5 5. Bg5 c6 6. Qc2 h6 7. Bh4 Be7 8. e3 0-0 9. Bd3 Re8 10. Nge2 a5 11. 0-0 Nbd7 12. f3 b5 13. Rad1 Bb7 14. h3 Rc8 15. Bf2 Bf8 16. e4 dxe4 17. fxe4 b4 18. e5 bxc3 19. exf6 Nxf6 20. Nxc3 Qd6 21. Bc4 Nd5 22. Qf5 Rc7 23. Rde1 Rce7 24. Nxd5 cxd5 25. Bb5 g6 26. Qd3 Rxe1 27. Bxe1 Re4 28. Bxa5 Bg7 29. Bc3 Bc8 30. a4 Bf5 31. Qd2 Bf6 32. Re1 Bg5 33. Rxe4 Bxd2 34. Re8+ Kg7 35. Bxd2 Bd7 36. Bxd7 Qxd7 37. Ra8 Qb7 38. Re8 Qxb2 39. Be3 Qa1+ 40. Kh2 Qxa4 41. Re5 g5 42. Bg1 Qb3 43. Rf5 Kg6 44. Rf3 Qc2 45. Re3 h5 46. Re5 Qc7 47. Kh1 Qc6 48. Bf2 f6 49. Re1 Qc3 50. Re8 Qc1+ 51. Re1 Qb2 52. Kg1 h4 53. Re8 Qa2 54. Re3 f5 55. Re6+ Kf7 56. Re5 Kf6 57. Re8 f4 58. Rf8+ Kg7 59. Rc8 Qb1+ 60. Kh2 Qf1 61. Bg1 Qe1 62. Kh1 f3 63. Rc2 Qg3 64. Bh2 f2 65. Rc1 Qd3 0-1

[Event "IND-ch U19"]
[Site "Pune"]
[Date "2022.07.20"]
[Round "11"]
[White "Hriday, Panchal"]
[Black "Adireddy, Arjun"]
[Result "0-1"]
[WhiteElo "2020"]
[BlackElo "1929"]
[PlyCount "76"]
[EventDate "2022.07.12"]
[EventType "swiss"]
[EventRounds "11"]
[EventCountry "IND"]
[SourceTitle "EXT 2023"]
[Source "ChessBase"]
[SourceDate "2022.10.05"]
[SourceVersion "1"]
[SourceVersionDate "2022.10.05"]
[SourceQuality "1"]

1. d4 d5 2. c4 c6 3. Nc3 Nf6 4. Nf3 e6 5. Bg5 dxc4 6. e4 b5 7. e5 h6 8. Bh4 g5 9. Nxg5 hxg5 10. Bxg5 Be7 11. exf6 Bxf6 12. Be3 Na6 13. a4 Nc7 14. Qf3 Bd7 15. axb5 cxb5 16. Be2 a5 17. 0-0 Ra6 18. d5 Nxd5 19. Nxd5 exd5 20. Qxd5 Bxb2 21. Rad1 Qc7 22. g3 Qc6 23. Qd2 Be5 24. Bg4 f5 25. Bd4 Qh6 26. Qxh6 Rhxh6 27. Bxf5 Bxd4 28. Rfe1+ Rae6 29. Bxe6 Rxe6 30. Rxe6+ Bxe6 31. Rxd4 c3 32. Re4 c2 33. Rxe6+ Kd7 34. Re1 b4 35. Kf1 b3 36. Ke2 b2 37. Kd2 b1Q 38. Rc1 a4 0-1

[Event "Bhubaneswar op-A 13th"]
[Site "Bhubaneswar"]
[Date "2022.05.22"]
[Round "1"]
[White "Hriday, Panchal"]
[Black "Fedorov, Alexei"]
[Result "0-1"]
[WhiteElo "1766"]
[BlackElo "2529"]
[PlyCount "96"]
[EventDate "2022.05.22"]
[EventType "swiss"]
[EventRounds "10"]
[EventCountry "IND"]
[SourceTitle "CBM 208 Extra"]
[Source "ChessBase"]
[SourceDate "2022.07.31"]
[SourceVersion "1"]
[SourceVersionDate "2022.07.31"]
[SourceQuality "1"]

1. d4 c5 2. d5 d6 3. c4 g6 4. Nc3 Bg7 5. Nf3 e6 6. e4 Ne7 7. Bd3 0-0 8. h3 h6 9. 0-0 e5 10. Rb1 f5 11. b4 cxb4 12. Rxb4 Na6 13. Rb1 Nc5 14. Ne1 b6 15. Ba3 f4 16. Be2 h5 17. Bxc5 bxc5 18. Nc2 Kh8 19. Qd3 Ng8 20. Rb3 Nf6 21. Rfb1 g5 22. Rb8 Rxb8 23. Rxb8 Qc7 24. Rb1 g4 25. hxg4 hxg4 26. f3 g3 27. Kf1 Rf7 28. Ke1 Bf8 29. Kd2 Rh7 30. Ne1 Be7 31. Bf1 Bd8 32. Nc2 Qd7 33. Qe2 Ba5 34. Kd3 Qd8 35. a3 Nd7 36. Na1 Bxc3 37. Kxc3 Qa5+ 38. Kb2 Nb6 39. Nc2 Ba6 40. Qe1 Qxe1 41. Nxe1 Rh1 42. Bd3 Bxc4 43. Kc3 Bxd3 44. Kxd3 Rf1 45. Rc1 Kg7 46. Ke2 Rf2+ 47. Kd3 Kf6 48. Rc2 Ke7 0-1